Adversa situación económica y social
En este artículo se comenta la situación que enfrenta la región centroamericana después de ser sacudida por la tormenta tropicial Mitch y los terremotos en El Salvador. Se considera que ahora la región se ve ante dos grandes problemas de considerables implicaciones socioeconómicas: primero, la inseg...
Guardado en:
| Formato: | Texto |
|---|---|
| Materias: | |
| Etiquetas: |
Agregar Etiqueta
Sin Etiquetas, Sea el primero en etiquetar este registro!
|
MARC
| LEADER | 00000 a a2200000 04500 | ||
|---|---|---|---|
| 001 | 6506 | ||
| 003 | |||
| 040 | |||
| 245 | |a Adversa situación económica y social | ||
| 520 | |a En este artículo se comenta la situación que enfrenta la región centroamericana después de ser sacudida por la tormenta tropicial Mitch y los terremotos en El Salvador. Se considera que ahora la región se ve ante dos grandes problemas de considerables implicaciones socioeconómicas: primero, la inseguridad alimentaria, a causa de la prolongada sequía |a y seguidamente, el desempleo como consecuencia del cierre de plantaciones de café y de fábricas de capital extranjero. Se ofrece un cuadro que analiza la cantidad de personas severamente afectadas y las que están incluidas en la asistencia del Programa Mundial de Alimentos en países como Guatemala, El Salvador, Honduras y Nicaragua. /MSD | ||
| 650 | |a SEQUIA | ||
| 650 | |a CRISIS SOCIAL | ||
| 650 | |a AYUDA ALIMENTARIA | ||
| 650 | |a ESCASEZ DE ALIMENTOS | ||
| 650 | |a DESASTRES | ||
| 650 | |a AYUDA ALIMENTARIA | ||
| 650 | |a SEQUIA | ||
| 650 | |a AMERICA CENTRAL | ||
| 773 | |g volumen 22, número 962; páginas 8-9 | ||
| 999 | |c 39761 |d 39761 | ||
